000 00460pab a2200169 454500
008 180718b2010 xxu||||| |||| 00| 0 eng d
100 _aDas, J.K.
245 _aConstitutional validity of CPC amendment acts 1999 and 2002: Role of judiciary
260 _c2010
300 _ap.246-263.
362 _aJul-Dec
650 _aJudiciary
650 _aCivil law
773 _aJournal of Constitutional and Parliamentary Studies
908 _aN
909 _a95408
999 _c95408
_d95408